000 004920000a22001450004500
090 _aAR
_b04499
100 1 _998412
_aFernández Manjarrés, Juan Fernando
700 1 _aSork, Victoria L.
_998413
245 1 0 _aGenetic variation in fragmented forest stands of the Andean oak Quercus humboldtii Bonpl. (Fagaceae)
041 0 _aInglés
650 1 4 _aDiversidad genética
_92003
653 _fFagaceae
_gQuercus
_eQuercus humboldtii
942 _cARTICULO
773 1 _tBiotropica
_h1
_q72-78
_d2007
_g39
999 _c13598
_d13598